| 000 | 00836nas a2200277 4500 | ||
|---|---|---|---|
| 001 | BR9200158 | ||
| 003 | BR-BrBNA | ||
| 005 | 20231205092223.0 | ||
| 007 | ta | ||
| 008 | 230509b bl.|||p| |||| 00| 00por d | ||
| 040 |
_aBR-BrBNA _bpor _cBiblioteca Nacional de Agricultura |
||
| 041 | _a(Pt) | ||
| 072 | _aF01 | ||
| 100 | 1 | _aHashizume, H. | |
| 100 | 1 | _aMatiello, J.B. | |
| 100 | 1 | _aOliveira, J.A. | |
| 100 | 1 | _aTeixeira, A.A. | |
| 245 | 1 | _aEfeito do tempo de murchamento do cafe colhido verde no aparecimento do defeito preto-verde, durante a secagem | |
| 650 | _aCAFE | ||
| 650 | _aSECAGEM ARTIFICIAL | ||
| 650 | _aESPIRITO SANTO | ||
| 650 | _aMINAS GERAIS | ||
| 773 | 0 |
_tCafeicultura Moderna (Brazil) _x _g(Jan-Feb 1989), v. 2(5) p. 25-26 _wBR9200158 |
|
| 909 |
_a202311 _bLúcia _c55 _dLúcia Elande |
||
| 942 |
_2AGRIS _n0 _cANA |
||
| 999 |
_c130186 _d130186 |
||